Water and Oil Repellent Surfaces (Record no. 23391)
[ view plain ]
| 000 -LEADER | |
|---|---|
| fixed length control field | 00978nam a2200121Ia 4500 |
| 008 - FIXED-LENGTH DATA ELEMENTS--GENERAL INFORMATION | |
| fixed length control field | 220620s9999||||xx |||||||||||||| ||und|| |
| 245 #0 - TITLE STATEMENT | |
| Title | Water and Oil Repellent Surfaces |
| 546 ## - LANGUAGE NOTE | |
| Language note | English[eng] |
| 650 ## - SUBJECT ADDED ENTRY--TOPICAL TERM | |
| Topical term or geographic name entry element | robust superhydrophobic surface||surface assembly mechanism||surface disintegration mechanism||superhydrophobic||Cu2O||oil–water separation||hydrophobic treatments||oleophobicity||nano-particles||stone protection||anti-graffiti coatings||chemical cleaning||acrylic-based paints||felt-tip markers||water repellency||calcium hydroxide||siloxane||marble||cultural heritage||conservation||sodium methyl silicone||earth site||silt||the height of capillary rise||microscopic mechanism analysis||XRD||XRF||SEM||MIP||plasma deposition||organosilicon thin layers||morphology analysis||surface molecular structure||goose down||wettability||fungus resistance||n/a |
| 700 ## - ADDED ENTRY--PERSONAL NAME | |
| Personal name | Karapanagiotis, Ioannis |
| 856 ## - ELECTRONIC LOCATION AND ACCESS | |
| Uniform Resource Identifier | <a href="https://mdpi.com/books/pdfview/book/3091">https://mdpi.com/books/pdfview/book/3091</a> |
| 942 ## - ADDED ENTRY ELEMENTS (KOHA) | |
| Koha item type | E-Books |
| Withdrawn status | Lost status | Damaged status | Not for loan | Home library | Current library | Date acquired | Total Checkouts | Date last seen | Price effective from | Koha item type |
|---|---|---|---|---|---|---|---|---|---|---|
| Kerala University of Digital Sciences, Innovation and Technology Knowledge Centre | Kerala University of Digital Sciences, Innovation and Technology Knowledge Centre | 20/06/2022 | 20/06/2022 | 20/06/2022 | E-Books |